With A Little Help From My Friends Lyrics - Statistics

General Stats
  • This quiz has been taken 11 times
  • The average score is 249 of 293
Answer Stats
Answer % Correct
a
100%
and
100%
by
100%
friends
100%
from
100%
get
100%
help
100%
i
100%
little
100%
my
100%
no
100%
with
100%
do
91%
if
91%
it
91%
love
91%
not
91%
oh
91%
to
91%
you
91%
be
82%
high
82%
i'll
82%
lend
82%
me
82%
need
82%
of
82%
on
82%
out
82%
sing
82%
the
82%
what
82%
when
82%
would
82%
your
82%
all
73%
day
73%
how
73%
is
73%
key
73%
sang
73%
see
73%
stand
73%
think
73%
try
73%
tune
73%
up
73%
walk
73%
at
64%
away
64%
could
64%
ears
64%
gonna
64%
im
64%
i'm
64%
in
64%
its
64%
just
64%
know
64%
someone
64%
song
64%
yes
64%
you're
64%
anybody
55%
but
55%
can't
55%
end
55%
feel
55%
own
55%
sad
55%
somebody
55%
tell
55%
time
55%
alone
45%
are
45%
believe
45%
certain
45%
first
45%
happens
45%
light
45%
sight
45%
turn
45%
want
45%
because
36%
mine
36%
Billy
27%
mm
27%
Shears
27%
worrying
27%
No matching quizzes found
Score Distribution
Percent of People with Each Score
Percentile by Number Answered
Your Score History
You have not taken this quiz